00000000nam##2200000za#4500
0019.583391
003CaOODSP
00520210624192558
007cr |||||||||||
008150406|2009||||xxc|||||o    f|0| 0 eng|d
020 |a978-0-662-06288-2
022 |a1915-8858
040 |aCaOODSP|beng
041 |aeng
041 |afre
043 |an-cn---
0861 |aM116-2/052M12-PDF
1101 |aCanada.|bNatural Resources Canada. |bCentre for Topographic Information.
24510|aSasaginnigak Lake, Manitoba : |h[electronic resource]|beast of principal meridian
250 |aEd. 02, version 01
255 |aScale 1:50,000
260 |aOttawa - Ontario : |bNatural Resources Canada. |c2009.
300 |a1p.|bcoloured map
4901 |aCanadian topographic maps|x1915-8858|v52-M/12
500 |aSeries A743. Includes a legend.
590 |a10-13|b2010-04-01
7760#|tSasaginnigak Lake, Manitoba : |w(CaOODSP)9.547221
792 |tSasaginnigak Lake, Manitoba : |efre|w(CaOODSP)9.583392
830#0|aCanadian topographic maps,|x1915-8858|v52-M/12|w(CaOODSP)9.500293
85640|ahttp://publications.gc.ca|qPDF|s3543 KB|uhttps://publications.gc.ca/collections/collection_2010/nrcan/topo/M116-2-052M12.pdf|y52-M/12